000 00702nam a2200289Ia 4500
005 20260324140628.0
008 008 260324s9999 xx 000 0 eng d
020 _a9780203441367
037 _aEBOOK
040 _aCRL
040 _beng
040 _cCRL
041 _2eng
041 _aeng
084 _qCRL
100 _aPatrizio Bianchi
_91189888
245 0 _aIndustrial Policies and Economic Integration
245 0 _bLearning From European Experiences
260 _bTaylor and Francis
260 _c1998
365 _a
365 _b76.99
856 _uhttp://www.taylorfrancis.com/books/9780203441367
942 _cEBOOK
999 _c1807388
_d1807388